[Event "BL 1819 Düsseldorfer SK - SG Turm Kiel"]
[Site "?"]
[Date "2018.11.11"]
[Round "2.6"]
[White "Schuh, Dirk"]
[Black "Bromann, Thorbjorn"]
[Result "1/2-1/2"]
[WhiteElo "2395"]
[BlackElo "2396"]
[PlyCount "129"]
[EventDate "2018.??.??"]

1. e4 e6 2. d4 d5 3. exd5 exd5 4. Nf3 Nf6 5. Bd3 Bd6 6. Qe2+ Qe7 7. Qxe7+ Bxe7
8. Bf4 c6 9. O-O O-O 10. Re1 Re8 11. Nbd2 Nbd7 12. Re3 Bf8 13. Rae1 Rxe3 14.
fxe3 h6 15. c4 c5 16. e4 dxe4 17. Nxe4 Nxe4 18. Bxe4 cxd4 19. Nxd4 Bc5 20. Be3
Nf6 21. Bf3 Ng4 22. Bxg4 Bxg4 23. h3 Bd7 24. Nf3 Bb4 25. Rd1 Be6 26. b3 a6 27.
Bb6 Re8 28. Nd4 Bc8 29. Nc2 Be7 30. Kf1 Bg5 31. Nb4 Bf5 32. Nd5 Bc2 33. Rd4 Re4
34. Kf2 Rxd4 35. Bxd4 Be4 36. g3 Kf8 37. h4 Bc1 38. Nc3 Bf5 39. Kf3 h5 40. Ne4
Bg4+ 41. Kf2 Bd7 42. Bc5+ Kg8 43. Nd6 Bc6 44. a4 f6 45. b4 Ba3 46. a5 g5 47.
Ke3 Bb2 48. b5 Bh1 49. Bd4 Bc1+ 50. Kd3 gxh4 51. gxh4 Ba3 52. c5 axb5 53. Ne4
f5 54. Nf6+ Kf7 55. Nxh5 Bb4 56. Ng3 Bg2 57. Nxf5 Bxa5 58. Nd6+ Kg6 59. Kc2 Be1
60. Nxb5 Bxh4 61. Kb3 Kf7 62. Kb4 Be1+ 63. Bc3 Bf2 64. Bd4 Be1+ 65. Bc3 1/2-1/2

[Event "BL 1819 Düsseldorfer SK - SG Turm Kiel"]
[Site "?"]
[Date "2018.11.11"]
[Round "2.7"]
[White "Olsen, Filip Boe"]
[Black "Coenen, Michael"]
[Result "1-0"]
[WhiteElo "2335"]
[BlackElo "2364"]
[PlyCount "83"]
[EventDate "2018.??.??"]

1. d4 Nf6 2. c4 e6 3. Nc3 Bb4 4. e3 d5 5. a3 Bxc3+ 6. bxc3 O-O 7. cxd5 exd5 8.
Bd3 c5 9. Ne2 b6 10. O-O Ba6 11. Bxa6 Nxa6 12. Qd3 Nc7 13. dxc5 bxc5 14. c4 Rb8
15. cxd5 Qxd5 16. Qxd5 Ncxd5 17. f3 Rb3 18. e4 Nb6 19. Bg5 Rd8 20. Rfc1 c4 21.
Rc2 h6 22. Bd2 Rbd3 23. Ba5 Rd1+ 24. Rxd1 Rxd1+ 25. Kf2 Nfd7 26. Nc3 Ra1 27.
Bb4 Ne5 28. Nd5 Rd1 29. Ke2 Rg1 30. Ne3 Rb1 31. Bc5 Rb3 32. g3 Ned7 33. Bd6 Rd3
34. e5 f6 35. Nxc4 Rd5 36. Ne3 Rd4 37. Nf5 Rc4 38. Rxc4 Nxc4 39. e6 Ndb6 40.
Bc5 Ne5 41. e7 Kf7 42. Nxg7 1-0

[Event "BL 1819 Düsseldorfer SK - SG Turm Kiel"]
[Site "?"]
[Date "2018.11.11"]
[Round "2.8"]
[White "Harff, Marcel"]
[Black "Junge, Ralph"]
[Result "*"]
[WhiteElo "2411"]
[BlackElo "2270"]
[PlyCount "44"]
[EventDate "2018.??.??"]

1. c4 b6 2. Nc3 e6 3. Nf3 Bb7 4. e4 Nf6 5. Bd3 d5 6. cxd5 exd5 7. exd5 Nxd5 8.
Bb5+ c6 9. Qe2+ Be7 10. Nxd5 Qxd5 11. Bc4 Qd6 12. O-O O-O 13. d4 Bf6 14. Be3
Nd7 15. Rfd1 b5 16. Bb3 Nb6 17. Rac1 Nd5 18. Rc5 a6 19. Bxd5 cxd5 20. Qd2 Rfc8
21. b4 Be7 22. Ne5 Qe6 *

[Event "BL 1819 SG Solingen - Hamburger SK"]
[Site "?"]
[Date "2018.11.11"]
[Round "2.10"]
[White "Van Wely, Loek"]
[Black "Kempinski, Robert"]
[Result "1/2-1/2"]
[WhiteElo "2622"]
[BlackElo "2574"]
[PlyCount "66"]
[EventDate "2018.??.??"]

1. d4 d5 2. c4 c6 3. Nf3 Nf6 4. Nc3 dxc4 5. a4 e6 6. e3 c5 7. Bxc4 Nc6 8. O-O
cxd4 9. exd4 Be7 10. Be3 O-O 11. Ne5 Bd7 12. Nxd7 Qxd7 13. d5 exd5 14. Nxd5
Rfd8 15. Nxe7+ Qxe7 16. Qc2 Rac8 17. b3 Ng4 18. Rae1 Qc7 19. g3 Nce5 20. Qe4
Nxe3 21. Rxe3 Nxc4 22. bxc4 b6 23. Rfe1 h6 24. Qc2 Qc6 25. h4 Re8 26. Rxe8+
Rxe8 27. Rxe8+ Qxe8 28. Qd1 g6 29. h5 gxh5 30. Qxh5 Qe1+ 31. Kg2 Qe4+ 32. Qf3
Qxc4 33. Qa8+ Kg7 1/2-1/2

[Event "BL 1819 SG Solingen - Hamburger SK"]
[Site "?"]
[Date "2018.11.11"]
[Round "2.11"]
[White "Lampert, Jonas"]
[Black "Predojevic, Borki"]
[Result "1/2-1/2"]
[WhiteElo "2547"]
[BlackElo "2626"]
[PlyCount "85"]
[EventDate "2018.??.??"]

1. e4 e5 2. Nf3 Nc6 3. Bb5 a6 4. Ba4 d6 5. c3 Bd7 6. d4 g6 7. O-O Bg7 8. Re1
Nf6 9. h3 O-O 10. Bc2 Nh5 11. Be3 Qe8 12. Nbd2 b6 13. Nc4 Kh8 14. d5 Ne7 15. g4
Nf6 16. Nh2 b5 17. Nd2 c6 18. c4 bxc4 19. Nxc4 Nc8 20. f4 cxd5 21. exd5 exf4
22. Bxf4 Qd8 23. Qd2 Nb6 24. Nxd6 Nfxd5 25. Be5 Bxe5 26. Rxe5 Qf6 27. Rxd5 Nxd5
28. Qxd5 Be6 29. Qc5 Rac8 30. Nxc8 Rxc8 31. Qb4 a5 32. Qd2 Qxb2 33. Rc1 Bxa2
34. Nf1 Qc3 35. Qxc3+ Rxc3 36. Kf2 Rxh3 37. Ra1 Be6 38. Ne3 Rh2+ 39. Kf3 Rh3+
40. Kf2 Rh2+ 41. Kf3 Rh3+ 42. Ke4 Rh2 43. Kf3 1/2-1/2

[Event "BL 1819 SG Solingen - Hamburger SK"]
[Site "?"]
[Date "2018.11.11"]
[Round "2.12"]
[White "Tari, Aryan"]
[Black "Ernst, Sipke"]
[Result "1/2-1/2"]
[WhiteElo "2614"]
[BlackElo "2535"]
[PlyCount "61"]
[EventDate "2018.??.??"]

1. e4 e5 2. Nf3 Nc6 3. Bb5 a6 4. Ba4 Nf6 5. O-O Nxe4 6. d4 Be7 7. Re1 b5 8.
Rxe4 d5 9. Nxe5 Nxe5 10. Rxe5 bxa4 11. Qe1 f6 12. Re2 Kf7 13. Nc3 Bb4 14. a3
Ba5 15. Bd2 Bxc3 16. Bxc3 Bf5 17. Qd2 Qd7 18. Rae1 Rhe8 19. f3 Rxe2 20. Qxe2
Re8 21. Qxa6 Rxe1+ 22. Bxe1 Bxc2 23. Qb7 Kg6 24. Kf2 Bd3 25. Bd2 Qb5 26. Qxc7
Qxb2 27. Qg3+ Kf7 28. Qc7+ Kg6 29. Qg3+ Kf7 30. Qc7+ Kg6 31. Qg3+ 1/2-1/2

[Event "BL 1819 SG Solingen - Hamburger SK"]
[Site "?"]
[Date "2018.11.11"]
[Round "2.13"]
[White "Heinemann, Thies"]
[Black "Andersen, Mads"]
[Result "0-1"]
[WhiteElo "2521"]
[BlackElo "2594"]
[PlyCount "126"]
[EventDate "2018.??.??"]

1. e4 c5 2. Nf3 d6 3. Bb5+ Bd7 4. Bxd7+ Qxd7 5. O-O Nf6 6. Qe2 Nc6 7. Rd1 g5 8.
c3 g4 9. Nh4 Qe6 10. Re1 O-O-O 11. f4 gxf3 12. Nxf3 Bh6 13. Na3 Rhg8 14. d4
Bxc1 15. Raxc1 d5 16. exd5 Qxe2 17. Rxe2 Nxd5 18. g3 cxd4 19. cxd4 Kb8 20. Nc4
f6 21. Re4 h5 22. Ne3 Nxe3 23. Rxe3 Rd5 24. Rc4 a5 25. Kf2 Rgd8 26. Re4 Rf5 27.
Ke2 Rd7 28. b3 Kc7 29. Nh4 Rg5 30. Ng2 b5 31. Rc1 Kb7 32. Ke3 Rg4 33. Nf4 f5
34. Rxc6 Kxc6 35. Re6+ Rd6 36. Rxe7 h4 37. gxh4 Rxh4 38. h3 Rh8 39. Re5 Rhd8
40. d5+ Kb6 41. Kd4 a4 42. bxa4 bxa4 43. Re2 Rh6 44. Rb2+ Ka5 45. Ke5 Re8+ 46.
Kxf5 Rhh8 47. Rd2 Rhf8+ 48. Kg4 Re4 49. Rf2 a3 50. Rf3 Ka4 51. h4 Rd4 52. h5
Rd2 53. h6 Rxa2 54. h7 Rh8 55. Rh3 Rb2 56. Ng6 a2 57. Nxh8 a1=Q 58. Ng6 Rg2+
59. Kf3 Qf1+ 60. Ke3 Re2+ 61. Kd4 Qf6+ 62. Kd3 Qxg6+ 63. Kxe2 Qg2+ 0-1

[Event "BL 1819 SG Solingen - Hamburger SK"]
[Site "?"]
[Date "2018.11.11"]
[Round "2.14"]
[White "Nikolic, Predrag"]
[Black "Rogozenco, Dorian"]
[Result "1-0"]
[WhiteElo "2576"]
[BlackElo "2495"]
[PlyCount "143"]
[EventDate "2018.??.??"]

1. d4 d5 2. c4 c6 3. Nc3 Nf6 4. e3 a6 5. Qc2 e6 6. Nf3 c5 7. cxd5 exd5 8. Be2
Nc6 9. O-O Be6 10. dxc5 Bxc5 11. Nb5 Bb6 12. Nbd4 Nxd4 13. Nxd4 O-O 14. Qd3 Qd6
15. Bd2 Bc7 16. g3 Bh3 17. Rfc1 Bb6 18. Bc3 Ne4 19. Nf3 Bf5 20. Qd1 Nxc3 21.
Rxc3 Be4 22. Rac1 Rad8 23. Nd4 Qf6 24. Bg4 Rfe8 25. a3 h6 26. Rb3 Rd6 27. Rb4
Re7 28. Bh3 Ba5 29. Ra4 Bb6 30. Bg2 Kh7 31. h4 Rd8 32. Rb4 Ba5 33. Rb3 Bb6 34.
Ne2 Red7 35. Nf4 g5 36. hxg5 hxg5 37. Qh5+ Kg7 38. Nh3 Bxg2 39. Kxg2 Rh8 40.
Qxg5+ Qxg5 41. Nxg5 Bd8 42. Nf3 Bf6 43. Rc2 Re8 44. Rd3 Re6 45. b3 Be7 46. Nd4
Rb6 47. b4 Kf6 48. Nb3 Rc6 49. Rcd2 b6 50. e4 Rcd6 51. exd5 Kg6 52. Nc1 f5 53.
Ne2 Bg5 54. Rd1 Kf7 55. Kf3 a5 56. Nc3 axb4 57. axb4 Rg6 58. d6 Bf6 59. Na4 Bd8
60. Rd5 Ke6 61. Nc3 Rg4 62. Re1+ Kf6 63. b5 Rc4 64. Re3 Kg6 65. Ne2 Bf6 66.
Nf4+ Kf7 67. Red3 Rc5 68. Rxc5 bxc5 69. Rd5 Bd4 70. Rxf5+ Ke8 71. Ne6 Rxd6 72.
Nxc5 1-0

[Event "BL 1819 SG Solingen - Hamburger SK"]
[Site "?"]
[Date "2018.11.11"]
[Round "2.15"]
[White "Engel, Luis"]
[Black "Naumann, Alexander"]
[Result "0-1"]
[WhiteElo "2459"]
[BlackElo "2532"]
[PlyCount "92"]
[EventDate "2018.??.??"]

1. e4 e6 2. d4 d5 3. Nd2 c5 4. exd5 Qxd5 5. Ngf3 cxd4 6. Bc4 Qd6 7. O-O Nf6 8.
Nb3 Nc6 9. Nbxd4 Nxd4 10. Nxd4 a6 11. Re1 Qc7 12. Qe2 h6 13. Bd3 Bc5 14. Nf5
Kf8 15. Ng3 b5 16. a4 b4 17. Ne4 Nxe4 18. Bxe4 Bb7 19. Qf3 Bxe4 20. Rxe4 Qc6
21. Bd2 a5 22. Rae1 Rd8 23. Bf4 Qxa4 24. Rxe6 fxe6 25. Bg5+ Kg8 26. Bxd8 Qxc2
27. Bxa5 Kh7 28. Qe4+ Qxe4 29. Rxe4 Ra8 30. Bxb4 Bxb4 31. g3 Rb8 32. Rxe6 Bc5
33. Re2 Bd4 34. Kg2 Rxb2 35. Rxb2 Bxb2 36. f4 Kg6 37. Kf3 h5 38. h3 Kf5 39. Ke3
Bc1+ 40. Kf3 Bd2 41. g4+ hxg4+ 42. hxg4+ Ke6 43. Ke4 Bc1 44. Kf3 Kd5 45. g5 Ke6
46. Ke4 g6 0-1

[Event "BL 1819 SG Solingen - Hamburger SK"]
[Site "?"]
[Date "2018.11.11"]
[Round "2.16"]
[White "Chanda, Sandipan"]
[Black "Carlstedt, Jonathan"]
[Result "1-0"]
[WhiteElo "2545"]
[BlackElo "2418"]
[PlyCount "107"]
[EventDate "2018.??.??"]

1. d4 Nf6 2. c4 e6 3. Nc3 c5 4. d5 exd5 5. cxd5 d6 6. e4 g6 7. f4 Bg7 8. Bb5+
Nfd7 9. a4 Na6 10. Nf3 Nc7 11. O-O O-O 12. Bd3 f5 13. e5 dxe5 14. d6 Ne8 15.
Bc4+ Kh8 16. Ng5 Qb6 17. Nb5 e4 18. Ne6 a6 19. a5 Qc6 20. Nd8 axb5 21. Nxc6
bxc6 22. Be6 Bd4+ 23. Kh1 Rf6 24. Bxd7 Bxd7 25. Qe1 Rxd6 26. Be3 Nc7 27. b4 Rd5
28. Rd1 Kg8 29. bxc5 Bxe3 30. Qxe3 Rxa5 31. Qc3 Ra8 32. Rxd5 Nxd5 33. Qe5 Kf7
34. g4 e3 35. Qd6 Be6 36. Qxc6 Ra2 37. gxf5 gxf5 38. Kg1 b4 39. Re1 b3 40. Qb7+
Kg6 41. Qxb3 Nxf4 42. Qb6 Nh3+ 43. Kh1 Kf7 44. Qc7+ Kf6 45. Qd8+ Kg6 46. Qe8+
Bf7 47. Qc6+ Kg5 48. Qf3 Nf2+ 49. Kg1 f4 50. h4+ Kg6 51. Rb1 Be6 52. Rb6 Ra1+
53. Kg2 Nd3 54. Qg4+ 1-0

[Event "BL 1819 SF Deizisau - SV Mülheim Nord "]
[Site "?"]
[Date "2018.11.11"]
[Round "2.1"]
[White "Beerdsen, Thomas"]
[Black "Leko, Peter"]
[Result "1/2-1/2"]
[WhiteElo "2474"]
[BlackElo "2679"]
[PlyCount "134"]
[EventDate "2018.??.??"]

1. e4 e5 2. Nf3 Nc6 3. d4 exd4 4. Nxd4 Nf6 5. Nxc6 bxc6 6. e5 Qe7 7. Qe2 Nd5 8.
h4 Qe6 9. Nd2 a5 10. g3 Ba6 11. c4 Nb6 12. b3 Bb4 13. Bh3 Qe7 14. O-O d5 15.
Nf3 O-O 16. Qc2 dxc4 17. Ng5 g6 18. Ne4 Qxe5 19. Bb2 c3 20. Nxc3 Bxf1 21. Ne4
Bd3 22. Bxe5 Bxc2 23. Nf6+ Kh8 24. Rc1 Be7 25. Rxc2 Bxf6 26. Bxf6+ Kg8 27. Rxc6
Nd5 28. Bb2 Rfe8 29. Bf1 Re7 30. Rc5 c6 31. Rxc6 Nb4 32. Rf6 Nxa2 33. Bc4 Nb4
34. h5 Kf8 35. hxg6 hxg6 36. Rf4 Rc8 37. Bf6 Rec7 38. Rh4 Ke8 39. Bb5+ Nc6 40.
Be5 Re7 41. Bc3 Kd7 42. Rc4 Re6 43. Rf4 f5 44. Rh4 Kd6 45. Bxc6 Kxc6 46. Bxa5
Rb8 47. b4 Kb5 48. Kg2 Rc8 49. Rh7 Rc2 50. Rb7+ Ka6 51. Rg7 Rb2 52. Kf3 Kb5 53.
Rb7+ Ka4 54. Rg7 Rc6 55. Rg8 Rc3+ 56. Kg2 Rcc2 57. Bb6 Rc6 58. Bc5 Rb3 59. Rg7
Kb5 60. Rb7+ Kc4 61. Rd7 Rd3 62. Re7 Ra6 63. Rg7 Re6 64. Rg8 Rb3 65. Rd8 Rd3
66. Rg8 Kb5 67. Rb8+ Kc4 1/2-1/2

[Event "BL 1819 SF Deizisau - SV Mülheim Nord "]
[Site "?"]
[Date "2018.11.11"]
[Round "2.2"]
[White "Bluebaum, Matthias"]
[Black "Vrolijk, Liam"]
[Result "0-1"]
[WhiteElo "2620"]
[BlackElo "2445"]
[PlyCount "60"]
[EventDate "2018.??.??"]

1. Nf3 d5 2. g3 Nf6 3. Bg2 e6 4. O-O Be7 5. c4 O-O 6. d4 dxc4 7. Ne5 Nc6 8.
Nxc6 bxc6 9. Na3 Bxa3 10. bxa3 Ba6 11. a4 Qe7 12. Qd2 Rfb8 13. Rd1 Nd5 14. e4
Nb4 15. Ba3 c5 16. dxc5 Nd3 17. e5 Qd7 18. Qc3 Qxa4 19. Rab1 Bb7 20. c6 Ba6 21.
h4 Rb6 22. Bf3 Rab8 23. Rxb6 axb6 24. Rb1 Ra8 25. Rd1 Bb5 26. Be7 Re8 27. Bg5
h6 28. Bc1 Rd8 29. Rf1 Bxc6 30. Bd1 Qb5 0-1

[Event "BL 1819 SF Deizisau - SV Mülheim Nord "]
[Site "?"]
[Date "2018.11.11"]
[Round "2.3"]
[White "Saltaev, Mihail"]
[Black "Meier, Georg"]
[Result "1/2-1/2"]
[WhiteElo "2471"]
[BlackElo "2622"]
[PlyCount "136"]
[EventDate "2018.??.??"]

1. e4 e6 2. d4 d5 3. Nd2 c5 4. exd5 Qxd5 5. Ngf3 cxd4 6. Bc4 Qd7 7. O-O Nc6 8.
Nb3 Nf6 9. Nbxd4 Nxd4 10. Qxd4 Qxd4 11. Nxd4 Bd7 12. Be2 Bc5 13. Rd1 O-O-O 14.
Bf4 Ba4 15. Nb3 Bb6 16. Bf3 Rd7 17. Rxd7 Nxd7 18. Re1 Rd8 19. h3 Bc7 20. Bxc7
Kxc7 21. Re3 b6 22. Nd4 Nc5 23. c3 a5 24. Be2 Bc6 25. b3 Bb7 26. f4 g6 27. g4
h6 28. Kf1 Ne4 29. Ke1 Nf6 30. Nb5+ Kc8 31. c4 Bc6 32. Nc3 Rd4 33. Bf3 Bxf3 34.
Rxf3 Ne4 35. Nxe4 Rxe4+ 36. Kd2 Kd7 37. Rf1 f5 38. Kd3 Kd6 39. a3 h5 40. gxh5
gxh5 41. Rf3 h4 42. Kc3 e5 43. Rd3+ Ke6 44. fxe5 f4 45. b4 Kxe5 46. c5 axb4+
47. axb4 bxc5 48. bxc5 Ra4 49. Kd2 Ra2+ 50. Kd1 Ke4 51. Rc3 Kd4 52. Rf3 Ke4 53.
Rc3 f3 54. Ke1 Ra1+ 55. Kf2 Ra2+ 56. Kf1 Kf4 57. Rc4+ Kg3 58. Rg4+ Kxh3 59. Rg8
Rc2 60. c6 Rxc6 61. Kf2 Rf6 62. Rg7 Rf4 63. Rg1 Kh2 64. Rg8 h3 65. Rg7 Ra4 66.
Kxf3 Kh1 67. Kf2 h2 68. Rf7 Ra2+ 1/2-1/2

[Event "BL 1819 SF Deizisau - SV Mülheim Nord "]
[Site "?"]
[Date "2018.11.11"]
[Round "2.4"]
[White "Keymer, Vincent"]
[Black "Hausrath, Daniel"]
[Result "1-0"]
[WhiteElo "2502"]
[BlackElo "2493"]
[PlyCount "141"]
[EventDate "2018.??.??"]

1. d4 g6 2. c4 Bg7 3. Nf3 c5 4. d5 f5 5. g3 d6 6. Bg2 Nf6 7. O-O O-O 8. Nc3 Na6
9. Ne1 Nc7 10. Nd3 Rb8 11. a4 Bd7 12. Qc2 b6 13. b3 a6 14. Bb2 Qe8 15. Rfe1 Qf7
16. h4 Rbe8 17. Qd2 Kh8 18. e3 e5 19. dxe6 Nxe6 20. Rad1 Ng4 21. f3 Nf6 22. Nf2
Rd8 23. Nh3 Bc6 24. Ng5 Qe7 25. Nxe6 Qxe6 26. Nd5 Bxd5 27. cxd5 Qf7 28. Qd3 Ra8
29. Bc3 Nh5 30. Kh2 Bxc3 31. Qxc3+ Qf6 32. Qc2 b5 33. f4 bxa4 34. bxa4 Rab8 35.
Rb1 Qg7 36. Qc4 a5 37. Bf3 Rb4 38. Qa6 Qc7 39. Rxb4 axb4 40. a5 Nf6 41. Qc6 Rf7
42. Qb5 Qb7 43. Qc4 Re7 44. a6 Qb6 45. Ra1 Kg7 46. Kg2 Ra7 47. h5 gxh5 48. Qd3
Kg6 49. e4 fxe4 50. Bxe4+ Kg7 51. Bf3 Qb8 52. Re1 b3 53. Rb1 b2 54. Qc3 Qb5 55.
Rxb2 Qxa6 56. Re2 Qc8 57. Re6 Qf8 58. Bxh5 Re7 59. Rxd6 Re2+ 60. Bxe2 Qxd6 61.
Bf3 h6 62. Qe5 Qd8 63. g4 Kf8 64. Qf5 Kg7 65. Qe5 Kf8 66. g5 hxg5 67. fxg5 Ne8
68. Bh5 Nc7 69. d6 Qa8+ 70. Kg3 Qa3+ 71. Bf3 1-0

[Event "BL 1819 SF Deizisau - SV Mülheim Nord "]
[Site "?"]
[Date "2018.11.11"]
[Round "2.5"]
[White "Zelbel, Patrick"]
[Black "Donchenko, Alexander"]
[Result "1/2-1/2"]
[WhiteElo "2439"]
[BlackElo "2607"]
[PlyCount "57"]
[EventDate "2018.??.??"]

1. e4 c6 2. d4 d5 3. exd5 cxd5 4. Bd3 Nc6 5. c3 Qc7 6. Na3 a6 7. Nc2 Nf6 8. h3
e6 9. Nf3 b5 10. O-O Na5 11. Ne3 Bd6 12. a4 b4 13. Bd2 Ne4 14. Bxe4 dxe4 15.
Ng5 b3 16. c4 Nxc4 17. Rc1 Nxe3 18. fxe3 Qe7 19. Nxf7 O-O 20. Nxd6 Rxf1+ 21.
Kxf1 Qxd6 22. Qxb3 Bd7 23. Kg1 h6 24. Qc2 Rc8 25. Qxe4 Rxc1+ 26. Bxc1 Bxa4 27.
Bd2 Bc6 28. Qe5 Qxe5 29. dxe5 1/2-1/2

[Event "BL 1819 SF Deizisau - SV Mülheim Nord "]
[Site "?"]
[Date "2018.11.11"]
[Round "2.6"]
[White "Heimann, Andreas"]
[Black "Warmerdam, Max"]
[Result "1/2-1/2"]
[WhiteElo "2601"]
[BlackElo "2422"]
[PlyCount "168"]
[EventDate "2018.??.??"]

1. Nf3 Nf6 2. c4 g6 3. Nc3 Bg7 4. e4 d6 5. d4 O-O 6. Be2 e5 7. d5 a5 8. Bg5 h6
9. Be3 Ng4 10. Bd2 f5 11. exf5 gxf5 12. h3 Nf6 13. g4 fxg4 14. hxg4 Nxg4 15.
Ne4 Bf5 16. Bd3 Nd7 17. Rg1 Ndf6 18. Qe2 Nxe4 19. Bxe4 Qf6 20. Bxf5 Qxf5 21.
Nh4 Qxf2+ 22. Qxf2 Nxf2 23. Bxh6 Rf7 24. Rxg7+ Rxg7 25. Bxg7 Nd3+ 26. Kd2 Nxb2
27. Nf5 Nxc4+ 28. Kd3 Nb6 29. Ke4 Na4 30. Rc1 Nc5+ 31. Kf3 b6 32. Bh6 Kf7 33.
Be3 Rh8 34. Bxc5 bxc5 35. Rb1 Kf6 36. Ng3 Rh4 37. Rb7 Ra4 38. Ne4+ Kf5 39. Nc3
e4+ 40. Ke2 Rc4 41. Kd2 Ke5 42. Rxc7 Kd4 43. Nb5+ Kxd5 44. a3 e3+ 45. Kxe3 Rh4
46. Rc8 Kc4 47. Nxd6+ Kb3 48. Nb5 c4 49. Rb8 c3 50. Nd4+ Kxa3 51. Nc2+ Ka4 52.
Rb1 Rh2 53. Kd3 Rh3+ 54. Kc4 Rh4+ 55. Kxc3 Rc4+ 56. Kd3 Rc3+ 57. Kd2 Rd3+ 58.
Ke1 Rh3 59. Ra1+ Kb5 60. Kd2 a4 61. Rb1+ Kc5 62. Rg1 a3 63. Rg5+ Kb6 64. Rg8
Kb7 65. Ke2 Rh2+ 66. Kd3 Rh3+ 67. Ne3 Rh6 68. Rg2 Ra6 69. Ra2 Kc6 70. Nc2 Kc5
71. Kc3 Rh6 72. Nb4 Kd6 73. Nd3 Rh4 74. Rxa3 Kd5 75. Ra5+ Kd6 76. Nc5 Kc6 77.
Ne6 Kd6 78. Nd4 Rh1 79. Nf5+ Kc6 80. Ne3 Rh4 81. Rf5 Rh3 82. Kd4 Rh4+ 83. Ke5
Rh8 84. Nd5 Kc5 1/2-1/2

[Event "BL 1819 SF Deizisau - SV Mülheim Nord "]
[Site "?"]
[Date "2018.11.11"]
[Round "2.7"]
[White "Zwirs, Nico"]
[Black "Kollars, Dmitrij"]
[Result "0-1"]
[WhiteElo "2413"]
[BlackElo "2542"]
[PlyCount "146"]
[EventDate "2018.??.??"]

1. e4 e5 2. Nf3 Nc6 3. Bc4 Nf6 4. d3 Bc5 5. Nc3 a6 6. a3 d6 7. b4 Ba7 8. Nd5 h6
9. Be3 Nxd5 10. Bxd5 Ne7 11. Bb3 Ng6 12. O-O O-O 13. Re1 Qf6 14. h3 Nf4 15. c3
Be6 16. Rb1 Rfe8 17. Bxe6 fxe6 18. Bxa7 Rxa7 19. Kh2 Rf8 20. Rb2 b6 21. Re3 a5
22. b5 g5 23. g3 Ng6 24. Kg2 Raa8 25. Nh2 Qg7 26. Qh5 Nf4+ 27. gxf4 gxf4+ 28.
Rg3 fxg3 29. fxg3 Kh7 30. a4 Rf7 31. Qg4 Qf6 32. Qf3 Qxf3+ 33. Nxf3 Raf8 34.
Nh2 h5 35. h4 Kg7 36. Re2 Rf6 37. c4 R8f7 38. Rc2 Kf8 39. Rd2 Ke8 40. Rc2 Ke7
41. Re2 Kd7 42. Kg1 Rf8 43. Kg2 R6f7 44. Kg1 c6 45. Kg2 Rf6 46. Rc2 R6f7 47.
Re2 cxb5 48. cxb5 Rc8 49. Nf3 Rc3 50. Ng5 Rf8 51. Rd2 Ra3 52. Nh7 Rh8 53. Ng5
Rc8 54. g4 hxg4 55. Kg3 Rxa4 56. Rf2 d5 57. Kxg4 Ra1 58. Rf7+ Kd6 59. Rb7 Rg1+
60. Kh3 Kc5 61. Nxe6+ Kxb5 62. exd5 Rc3 63. Kh2 Rg4 64. Kh3 Ra4 65. Nc7+ Kc5
66. Na6+ Kxd5 67. Rd7+ Ke6 68. Rd8 e4 69. h5 Rxd3+ 70. Rxd3 exd3 71. h6 d2 72.
h7 d1=Q 73. Nc7+ Kf5 0-1

[Event "BL 1819 SF Deizisau - SV Mülheim Nord "]
[Site "?"]
[Date "2018.11.11"]
[Round "2.8"]
[White "Dautov, Rustem"]
[Black "Buckels, Valentin"]
[Result "1/2-1/2"]
[WhiteElo "2598"]
[BlackElo "2427"]
[PlyCount "151"]
[EventDate "2018.??.??"]

1. d4 Nf6 2. c4 e6 3. Nf3 Bb4+ 4. Bd2 c5 5. Bxb4 cxb4 6. g3 b6 7. Bg2 Bb7 8.
O-O O-O 9. Qd3 d6 10. Nbd2 Qc7 11. e4 e5 12. Ne1 Nc6 13. Nc2 a5 14. Rfd1 Rfe8
15. f3 Nd7 16. Rac1 Ba6 17. Qe3 Qa7 18. Bf1 Rac8 19. Qf2 Rc7 20. b3 Qb7 21. Be2
exd4 22. Bf1 Nf8 23. Nxd4 Nxd4 24. Qxd4 Qc6 25. Be2 Qc5 26. Qxc5 dxc5 27. Nf1
f5 28. Bd3 Bb7 29. exf5 Bxf3 30. Re1 Rd8 31. Be4 Bxe4 32. Rxe4 Rf7 33. g4 g6
34. fxg6 Nxg6 35. Rce1 Rf4 36. h3 a4 37. Re8+ Rxe8 38. Rxe8+ Kf7 39. Rb8 a3 40.
Rxb6 Rf3 41. Rc6 Ne5 42. Rxc5 Ke6 43. Rb5 Nd3 44. h4 Nc1 45. Rxb4 Nxa2 46. Ra4
Rxb3 47. Nd2 Rd3 48. Nb1 Rd1+ 49. Kg2 Rxb1 50. Rxa3 Nb4 51. Ra7 Nc6 52. Rxh7
Ne5 53. Rh6+ Kf7 54. g5 Nxc4 55. Rf6+ Kg7 56. Kg3 Ne5 57. h5 Rb4 58. Rf5 Re4
59. Rf4 Re3+ 60. Kh4 Re1 61. Rf5 Nf7 62. Kg4 Rg1+ 63. Kf4 Rh1 64. Kg4 Kg8 65.
Ra5 Rb1 66. Ra8+ Kg7 67. Ra7 Rb4+ 68. Kf5 Rb5+ 69. Kf4 Rxg5 70. Rxf7+ Kxf7 71.
Kxg5 Kg7 72. h6+ Kh7 73. Kh5 Kh8 74. Kg6 Kg8 75. h7+ Kh8 76. Kh6 1/2-1/2

[Event "BL 1819 OSG Baden-Baden - SV Werder Bre"]
[Site "?"]
[Date "2018.11.11"]
[Round "2.12"]
[White "Vallejo Pons, Francisco"]
[Black "Spoelman, Wouter"]
[Result "1/2-1/2"]
[WhiteElo "2694"]
[BlackElo "2573"]
[PlyCount "59"]
[EventDate "2018.??.??"]

1. e4 c5 2. Nf3 e6 3. d4 cxd4 4. Nxd4 Nc6 5. Nc3 Qc7 6. g3 a6 7. Bg2 Nf6 8. O-O
Be7 9. Re1 O-O 10. Nxc6 dxc6 11. e5 Nd5 12. Qg4 Re8 13. Bh6 Bf8 14. Bg5 b5 15.
h4 Kh8 16. Qh5 Bb7 17. Ne4 Kg8 18. Nf6+ Nxf6 19. exf6 g6 20. Qg4 Rad8 21. h5 c5
22. hxg6 hxg6 23. c3 Rd3 24. Bf4 Qd7 25. Re5 Rd8 26. Bxb7 Qxb7 27. Rae1 R8d5
28. Rxe6 Qd7 29. Kg2 Rd1 30. f3 1/2-1/2

[Event "BL 1819 OSG Baden-Baden - SV Werder Bre"]
[Site "?"]
[Date "2018.11.11"]
[Round "2.15"]
[White "Markgraf, Alexander"]
[Black "Hou, Yifan"]
[Result "1/2-1/2"]
[WhiteElo "2489"]
[BlackElo "2658"]
[PlyCount "84"]
[EventDate "2018.??.??"]

1. e4 e5 2. Nf3 Nf6 3. Nxe5 d6 4. Nf3 Nxe4 5. Nc3 Nxc3 6. dxc3 Be7 7. Be3 Nc6
8. Qd2 Be6 9. O-O-O Qd7 10. h3 h6 11. b3 Bf6 12. g4 O-O-O 13. Bg2 Kb8 14. Ng1
d5 15. Ne2 Qe7 16. Kb1 g6 17. Rhe1 h5 18. g5 Bg7 19. h4 Qd7 20. Nf4 Qd6 21. Ne2
Rhe8 22. Nd4 Bxd4 23. Bxd4 Nxd4 24. Qxd4 c6 25. Re5 Bf5 26. Rde1 Re6 27. f4
Rde8 28. Kb2 Rxe5 29. Rxe5 Rxe5 30. fxe5 Qe7 31. Bf1 b6 32. c4 dxc4 33. Bxc4
Kc7 34. a4 Be6 35. Bd3 Qd7 36. Qf4 a5 37. Bc4 Kb7 38. Bxe6 Qxe6 39. Kc3 Kc7 40.
Qd4 Qh3+ 41. Kb2 Qe6 42. Kc3 Qh3+ 1/2-1/2

[Event "BL 1819 OSG Baden-Baden - SV Werder Bre"]
[Site "?"]
[Date "2018.11.11"]
[Round "2.16"]
[White "Movsesian, Sergei"]
[Black "Wachinger, Nikolas"]
[Result "1-0"]
[WhiteElo "2633"]
[BlackElo "2338"]
[PlyCount "57"]
[EventDate "2018.??.??"]

1. e4 c5 2. Nc3 d6 3. Nge2 Nf6 4. d4 cxd4 5. Nxd4 a6 6. g3 g6 7. Bg2 Bg7 8. O-O
O-O 9. h3 Nc6 10. Nde2 Bd7 11. a4 Rb8 12. Nd5 Ne5 13. Ra2 Bc6 14. Re1 Ned7 15.
c4 e6 16. Ndc3 Nc5 17. Nd4 d5 18. cxd5 exd5 19. Bf4 Rc8 20. Nxc6 bxc6 21. exd5
cxd5 22. Nxd5 Nxd5 23. Bxd5 Qd7 24. b3 Bc3 25. Re3 Ne6 26. Bh6 Rfe8 27. Rae2
Rcd8 28. Rd3 Nc7 29. Bxf7+ 1-0

[Event "BL 1819 SV Hockenheim - SV 1920 Hofheim"]
[Site "?"]
[Date "2018.11.24"]
[Round "3.1"]
[White "Schroeder, Jan-Christian"]
[Black "Karpov, Anatoly"]
[Result "1/2-1/2"]
[WhiteElo "2571"]
[BlackElo "2623"]
[PlyCount "89"]
[EventDate "2018.??.??"]

1. e4 e5 2. Nf3 Nc6 3. Bc4 Bc5 4. c3 Nf6 5. d3 d6 6. O-O a6 7. a4 Ba7 8. Re1
O-O 9. h3 h6 10. Nbd2 Ne7 11. Nf1 Ng6 12. Ng3 c6 13. Bb3 d5 14. exd5 Nxd5 15.
d4 exd4 16. Nxd4 Re8 17. Rxe8+ Qxe8 18. Bxd5 cxd5 19. Be3 Bb8 20. Ndf5 Bxf5 21.
Nxf5 Qe5 22. Ng3 Qe6 23. Nf1 Bc7 24. Bd4 Rd8 25. Ne3 Ne5 26. Qh5 Nc6 27. Rd1
Nxd4 28. Rxd4 Be5 29. Rd3 Bf4 30. Rxd5 Re8 31. Nf1 Bg5 32. Qd1 Qe2 33. Qb3 Re7
34. Rd8+ Kh7 35. Rd1 g6 36. Nh2 Bf4 37. Nf1 h5 38. Rd4 Bc1 39. Rb4 Kg7 40. a5
Rd7 41. Rxb7 Rxb7 42. Qxb7 Bxb2 43. Qb3 Ba1 44. Qb4 Qe5 45. Qb6 1/2-1/2